000 00716nam a2200241 a 4500
001 65911
003 BD-RjUL
005 20211209081500.0
008 170313s2004 nyua b 001 0 eng
020 _a0393976599
035 _a(BD-RjUL)66041
040 _aDLC
_cDLC
_dBD-RjUL
_beng
041 _aeng
082 0 0 _a591.5
_223
_bDUP 2004
100 1 _aDugatkin, Lee Alan,
_d1962-
_9194913
245 1 0 _aPrinciples of animal behavior /
_cby Lee Alan Dugatkin.
260 _aNew York :
_bW.W. Norton & Company,
_cc2004.
300 _axx, 596 p. :
_bill. ;
_c28 cm.
504 _aIncludes bibliographical references and index.
650 0 _aAnimal behavior.
_9194811
942 _2ddc
_cBK
999 _c65911
_d65911